000 00561nam a2200181Ia 4500
003 LK-CoDNM
008 010623t2007 xxu||||| |||| 00| 1 sin d
040 _aLK-CoDNM
_dLK-CoDNM
_eLK-CoDNM
041 _asin
080 _a347
_bFER
100 _aFernando,Basil
245 _aරටේ නීතිය මුහුණ දෙන තත්කාලීන අභියෝගය
246 _aRatee Neethiya Muhuna Dena Thath Kaaleena Abiyogaya
260 _bAsiyaanu Manawa Himikam Commisioma
_c2007
300 _bp.159, 22 cm
650 _aLaw
942 _cBK
999 _c127008
_d127008